مكتبة جامعة عجلون الوطنية

فهرس بحث المكتبة

Normal view MARC view
  • طه الشيخ حسن

Entry Personal Name

Number of records used in: 1

001 - CONTROL NUMBER

  • control field: 66285

003 - CONTROL NUMBER IDENTIFIER

  • control field: JO-AjAnu

005 - DATE AND TIME OF LATEST TRANSACTION

  • control field: 20241019092633.0

008 - FIXED-LENGTH DATA ELEMENTS

  • fixed length control field: 241019|| aca||aabn | a|a d

040 ## - CATALOGING SOURCE

  • Original cataloging agency: JO-AjAnu

100 ## - HEADING--PERSONAL NAME

  • Personal name: طه الشيخ حسن
  • Relator term: معد ومترجم